Normal view MARC view
  • Russo de Sánchez, Ana Rita

Entry Nombre Personal

Number of records used in: 12

001 - NUMERO DE CONTROL

  • campo de control: 42890

003 - IDENTIFICADOR DE NUMERO DE CONTROL

  • campo de control: UPN

005 - FECHA Y HORA DE LA ÜLTIMA TRANSACCIÓN

  • campo de control: 20210219194624.0

008 - DATOS DE LONGITUD FIJA

  • campo de control de longitud fija: nabaccnnaabn|||||||||| b |nc|||||d

035 ## - NUMERO DE CONTROL

  • Número de control: UPN11000014997

040 ## - FUENTE DE CATALOGACIÓN

  • Lenguaje de catalogación: SPA
  • Agencia de transcripción: UPN

100 1# - ENCABEZAMIENTO - NOMBRE PERSONAL

  • Nombre personal: Russo de Sánchez, Ana Rita

670 ## - FUENTE EN LA QUE SE LOCALIZARON DATOS

  • Cita de la fuente: T
  • Uniform Resource Identifier: https://www.researchgate.net/profile/Ana_Russo_De_Sanchez

680 ## - NOTA PUBLICA DE ACCESO PÚBLICO

  • Frase explicativa de la referencia: Directora y Creadora del Programa Pisotón

902 ## - CATALOGADOR

  • Catalogador: EMR/050919